| 000 | 00392nam a22001457a 4500 | ||
|---|---|---|---|
| 005 | 20250920094057.0 | ||
| 008 | 250920b |||||||| |||| 00| 0 eng d | ||
| 050 |
_aPR5881 _bMUK |
||
| 100 | _aMUKHERJEE S. K. | ||
| 245 |
_aWILLIAM WORDSWORTH; _bAN EVALUATION OF HIS POETRY |
||
| 250 | _a12TH | ||
| 260 |
_aNEW DELHI _bRAMA BRPTHERS INDIA PVT, LTD _cc2006 |
||
| 300 | _a366p | ||
| 942 |
_2lcc _cBK _n0 |
||
| 999 |
_c7614 _d7614 |
||